<?xml version="1.0" encoding="UTF-8"?>
<marc:record xmlns:marc="http://www.loc.gov/MARC21/slim">
   <marc:leader>00000nam a2200000 a 4500</marc:leader>
   <marc:datafield ind1="1" ind2=" " tag="100">
      <marc:subfield code="a">Crichton, Michael</marc:subfield>
      <marc:subfield code="4">ctb</marc:subfield>
      <marc:subfield code="e">Mitwirkende/-r</marc:subfield>
   </marc:datafield>
   <marc:datafield ind1="1" ind2=" " tag="100">
      <marc:subfield code="a">Steck, Johannes</marc:subfield>
      <marc:subfield code="4">ctb</marc:subfield>
      <marc:subfield code="e">Mitwirkende/-r</marc:subfield>
   </marc:datafield>
   <marc:datafield ind1="1" ind2=" " tag="100">
      <marc:subfield code="a">Schlachter, Heiko</marc:subfield>
      <marc:subfield code="4">ctb</marc:subfield>
      <marc:subfield code="e">Mitwirkende/-r</marc:subfield>
   </marc:datafield>
   <marc:datafield ind1=" " ind2=" " tag="653">
      <marc:subfield code="a">Cassette</marc:subfield>
   </marc:datafield>
   <marc:datafield ind1=" " ind2=" " tag="653">
      <marc:subfield code="a">Erzählungen</marc:subfield>
   </marc:datafield>
   <marc:datafield ind1=" " ind2=" " tag="653">
      <marc:subfield code="a">CD</marc:subfield>
   </marc:datafield>
   <marc:datafield ind1="0" ind2="0" tag="245">
      <marc:subfield code="a">Welt in Angst</marc:subfield>
   </marc:datafield>
   <marc:datafield ind1="0" ind2="0" tag="245">
      <marc:subfield code="c">Michael Crichton. Sprecher: Johannes Steck. Ton und Regie: Heiko Schlachter</marc:subfield>
   </marc:datafield>
   <marc:datafield ind1=" " ind2="1" tag="264">
      <marc:subfield code="a">Freiburg i. Br.</marc:subfield>
      <marc:subfield code="b">Audiobuch</marc:subfield>
      <marc:subfield code="c">2005</marc:subfield>
   </marc:datafield>
   <marc:datafield ind1="1" ind2=" " tag="520">
      <marc:subfield code="a">Angaben aus der Verlagsmeldung

Welt in Angst / von Michael Crichton

Für George Morton ist Geld eine Nebensächlichkeit. Zu den rauschenden Partys auf seinem riesigen Anwesen in Beverly Hills kommen die Stars der Filmbranche, und in seiner Garage stehen neun Ferraris. Er ist sich der Dekadenz seines Lebensstils bewusst, und um sein schlechtes Gewissen zu beruhigen hat sich der Mittsechziger leidenschaftlich dem Kampf gegen die globale Erwärmung verschrieben. Und so entschließt er sich, dem National Environmental Resource Fund zehn Millionen Dollar zu spenden, die vornehmlich in die Organisation einer Klimakonferenz fließen sollen.
Doch noch bevor er den Scheck unterschrieben hat, erreicht ihn ein Anruf von seiner Bank: Die Umweltorganisation hat in seinem Namen eine viertel Million Dollar an eine Gruppe von dubiosen Aktivisten in Costa Rica überwiesen. Wofür nur verwenden sie sein Geld? Von einem Anti-Terror-Spezialisten der Regierung erfährt er, daß vieles auf die Planung eines gewaltigen Verbrechens hindeutet. George Morton ist entsetzt darüber, dass er mit seinem Geld den Ökoterrorismus unterstützt, begibt sich auf die Suche nach Beweisen für die Zusammenarbeit der Umweltschützer mit den Extremisten – und sieht sich vor eine nahezu unlösbare Aufgabe gestellt: Er muss einen künstlich erzeugten Tsunami verhindern, der das Leben von mehreren Millionen Kaliforniern gefährdet.
</marc:subfield>
   </marc:datafield>
   <marc:datafield ind1=" " ind2=" " tag="020">
      <marc:subfield code="a">9783899641554</marc:subfield>
      <marc:subfield code="9">9783899641554</marc:subfield>
   </marc:datafield>
   <marc:datafield ind1=" " ind2=" " tag="020">
      <marc:subfield code="a">3899641558</marc:subfield>
      <marc:subfield code="9">3899641558</marc:subfield>
   </marc:datafield>
   <marc:datafield ind1=" " ind2=" " tag="041">
      <marc:subfield code="a">ger</marc:subfield>
   </marc:datafield>
   <marc:datafield ind1=" " ind2=" " tag="300">
      <marc:subfield code="a">6 CDs</marc:subfield>
   </marc:datafield>
</marc:record>
